Online Catalogue and eLibrary

Coping With Threatened Identities (Record no. 753)

MARC details
000 -LEADER
fixed length control field 00517nam a2200193Ia 4500
005 - DATE AND TIME OF LATEST TRANSACTION
control field 20240704013813.0
008 - FIXED-LENGTH DATA ELEMENTS--GENERAL INFORMATION
fixed length control field 240331s9999 xx 000 0 und d
020 ## - INTERNATIONAL STANDARD BOOK NUMBER
ISBN 0416371302
082 ## - DDC Classification
Class No. 155.2
Item Number - Author Mark BRE
100 ## - MAIN ENTRY--PERSONAL NAME
Personal name Breakwell, G.M
245 #0 - TITLE STATEMENT
Title Coping With Threatened Identities
260 ## - PUBLICATION, DISTRIBUTION, ETC.
Place of publication, distribution, etc. London
Name of publisher, distributor, etc. Methuen & Co. Ltd
Date of publication, distribution, etc. 1986
300 ## - PHYSICAL DESCRIPTION
Extent (e.g. Volumes, Pages etc.) viii, 222 p .,
650 ## - SUBJECT ADDED ENTRY--TOPICAL TERM
Topical term or geographic name entry element Identity ( Psychology)
650 ## - SUBJECT ADDED ENTRY--TOPICAL TERM
Topical term or geographic name entry element Adjustment ( Psychology)
650 ## - SUBJECT ADDED ENTRY--TOPICAL TERM
Topical term or geographic name entry element Interpersonal relations
650 ## - SUBJECT ADDED ENTRY--TOPICAL TERM
Topical term or geographic name entry element Social Problem
942 ## - Koha item type (Biblio)
Koha item type Books in Stacks (Lending)
Holdings
Lost status Damaged status Collection code Home library Current library Shelving location Date acquired Full call number Accession Number Item type
    Lending WERC Library WERC Library Social Science Cupboard 03/31/2024 155.2 BRE 631 Books in Stacks (Lending)

© WERC Library